Normal view
MARC view
- محمد ، عبد الملك يونس
Entry Personal Name
001 - CONTROL NUMBER
- control field: 31274
003 - CONTROL NUMBER IDENTIFIER
- control field: JO-AjAnu
005 - DATE AND TIME OF LATEST TRANSACTION
- control field: 20230606075252.0
008 - FIXED-LENGTH DATA ELEMENTS
- fixed length control field: 230606|| aca||aabn | a|a d
040 ## - CATALOGING SOURCE
- Original cataloging agency: JO-AjAnu
- Transcribing agency: JO-AjAnu
100 ## - HEADING--PERSONAL NAME
- Personal name: محمد ، عبد الملك يونس
670 ## - SOURCE DATA FOUND
- Source citation: Work cat.: (JO-AjAnu)16060: محمد ، عبد الملك يونس , author, مسؤولية المنظمات الدولية عن أعمالها والقضاء المختص بمنازعاتها " دراسة تحليلية "